Statistical measurement in group work; (Record no. 36313)

MARC details
000 -LEADER
fixed length control field 01172cam a22002651 4500
001 - CONTROL NUMBER
control field l 40000005
003 - CONTROL NUMBER IDENTIFIER
control field DLC
005 - DATE AND TIME OF LATEST TRANSACTION
control field 20260227111537.0
008 - FIXED-LENGTH DATA ELEMENTS--GENERAL INFORMATION
fixed length control field 820626s1939 xx a bs 000 0 eng
010 ## - LIBRARY OF CONGRESS CONTROL NUMBER
LC control number l 40000005
035 ## - SYSTEM CONTROL NUMBER
System control number (OCoLC)14728827
040 ## - CATALOGING SOURCE
Original cataloging agency DLC
Transcribing agency DNLM
Modifying agency OCoLC
-- DLC
042 ## - AUTHENTICATION CODE
Authentication code premarc
050 00 - LIBRARY OF CONGRESS CALL NUMBER
Classification number HV41
Item number .H27
060 0# - NATIONAL LIBRARY OF MEDICINE CALL NUMBER
Classification number W1
Item number UN6181 no.248 1939
100 1# - MAIN ENTRY--PERSONAL NAME
Personal name Hall, Frances Adkins.
245 10 - TITLE STATEMENT
Title Statistical measurement in group work;
Remainder of title a manual on statistical records for use by staff members,
Statement of responsibility, etc. by Frances Adkins Hall ...
260 ## - PUBLICATION, DISTRIBUTION, ETC.
Place of publication, distribution, etc. Washington,
Name of publisher, distributor, etc. U.S. Govt. print. off.,
Date of publication, distribution, etc. 1939.
300 ## - PHYSICAL DESCRIPTION
Extent vi, 103 p.
Other physical details ill.
410 10 - SERIES STATEMENT/ADDED ENTRY--CORPORATE NAME [OBSOLETE, CAN/MARC], [LOCAL, USA]
Corporate name or jurisdiction name as entry element United States.
Subordinate unit Children's Bureau.
Title of a work Publication
Volume number/sequential designation no. 248
500 ## - GENERAL NOTE
General note At head of title: United States Department of labor. Frances Perkins, secretary. Children's bureau. Katharine F. Lenroot, chief.
500 ## - GENERAL NOTE
General note "Members of the subcommittee on group-work reporting procedures (of the Children's bureau Advisory committee on current statistics) have [given] counsel in the preparation of the manual." - Foreword.
504 ## - BIBLIOGRAPHY, ETC. NOTE
Bibliography, etc. note Bibliography: p. 85-87.
740 0# - ADDED ENTRY--UNCONTROLLED RELATED/ANALYTICAL TITLE
Uncontrolled related/analytical title Group work, Statistical measurement in

No items available.

Powered by Koha